000 01264cam a2200337 a 4500
001 20197
003 BD-RjUL
005 20211209000531.0
008 140227s2007 njua b 001 0 eng
020 _a9780471749554 (alk. paper)
020 _a0471749559 (alk. paper)
035 _a(OCoLC)20259
040 _aDLC
_beng
_cDLC
_dYDX
_dBD-RjUL
041 _aeng
082 0 0 _a657.044
_222
_bKII 2007
100 1 _aKieso, Donald E.
_962244
245 1 0 _aIntermediate accounting /
_cDonald E. Kieso, Jerry J. Weygandt, Terry D. Warfield.
250 _a12th ed.
260 _aHoboken, NJ :
_bWiley,
_cc2007.
300 _axxxix, 1348, I-14, P-7 p. :
_bill. (chiefly col.) ;
_c29 cm.
504 _aIncludes bibliographical references and index.
650 0 _aAccounting.
_962245
700 1 _aWeygandt, Jerry J.
_962246
700 1 _aWarfield, Terry D.
_962247
856 4 2 _3Publisher description
_uhttp://www.loc.gov/catdir/enhancements/fy0645/2006042020-d.html
856 4 1 _3Table of contents only
_uhttp://www.loc.gov/catdir/enhancements/fy0645/2006042020-t.html
856 4 2 _3Contributor biographical information
_uhttp://www.loc.gov/catdir/enhancements/fy0810/2006042020-b.html
942 _2ddc
_cBK
999 _c20197
_d20197